|
|
|
|
| LEADER |
00595cam a2200193 7i4500 |
| 001 |
0000051940 |
| 005 |
20200610090000.0 |
| 020 |
|
|
|a 9780750681551 (pbk.)
|
| 090 |
0 |
0 |
|a TA166
|b .S77 2007
|
| 100 |
1 |
|
|a Stranks, Jeremy
|
| 245 |
1 |
0 |
|a Human factors and behavioural safety
|c Jeremy Stranks.
|
| 260 |
|
|
|a Abingdon, Oxon:
|b Routledge,
|c 2007.
|
| 300 |
|
|
|a xiv, 483 p.;
|c 23 cm.
|
| 650 |
0 |
0 |
|a Industrial management
|
| 650 |
0 |
0 |
|a Human engineering
|
| 650 |
0 |
0 |
|a Industrial safety
|
| 997 |
|
|
|a Health Sciences, Faculty
|
| 998 |
|
|
|a Nursing, Diploma
|
| 999 |
|
|
|a 0000063818
|b BOK
|c OPEN SHELF
|e 1st Floor, Shah Alam
|